[Event "AUTO-MASTER-950"]
[Site "http://www.queenalice.com/game.php?id=679353"]
[Date "2009.11.7"]
[Round "1"]
[White "iertuh"]
[Black "drd123"]
[Result "1-0"]
[WhiteElo "2180"]
[BlackElo "2030"]

1. e4 e5 2. Nf3 Nc6 3. Bb5 a6 4. Ba4 Nf6 5. O-O Be7 6. Re1 b5 7. Bb3 O-O 8. c3
d6 9. d4 exd4 10. cxd4 Bg4 11. Nc3 Bxf3 12. gxf3 h6 13. a4 b4 14. Ne2 Na5 15.
Ba2 Rb8 16. b3 c5 17. Rb1 Qc7 18. Ng3 Rfc8 19. Nf5 Bf8 20. d5 c4 21. bxc4 Nxc4
22. Nd4 Ne5 23. f4 Ned7 24. Nc6 Rb6 25. Nxb4 Nb8 26. Bd2 a5 27. Rc1 Qb7 28. Rxc8
Qxc8 29. Nd3 Qa6 30. Qe2 Nbd7 31. e5 Ne8 32. e6 fxe6 33. dxe6 1-0

[Event "AUTO-MASTER-950"]
[Site "http://www.queenalice.com/game.php?id=679354"]
[Date "2009.11.7"]
[Round "1"]
[White "drd123"]
[Black "iertuh"]
[Result "0-1"]
[WhiteElo "2030"]
[BlackElo "2152"]

1. Nf3 d5 2. c4 dxc4 3. e3 Nc6 4. Bxc4 e5 5. d4 Bb4+ 6. Bd2 Bxd2+ 7. Qxd2 exd4
8. exd4 Bg4 9. Qe3+ Nge7 10. Nbd2 O-O 11. O-O Nf5 12. Qf4 Bxf3 13. Nxf3 Ncxd4
14. Nxd4 Nxd4 15. Rfd1 c5 16. b4 b6 17. Rac1 Qd7 18. bxc5 bxc5 19. Ba6 Qa4 20.
Rxd4 cxd4 21. Bc4 Qd7 22. Rd1 Rfd8 23. h3 Rac8 24. Bb3 d3 25. g4 d2 26. Kg2 Rc3
27. h4 Qb7+ 28. Kh2 Rcd3 29. h5 h6 30. Bc2 R8d4 31. Qf5 Qc7+ 0-1

[Event "AUTO-MASTER-950"]
[Site "http://www.queenalice.com/game.php?id=679355"]
[Date "2009.11.7"]
[Round "1"]
[White "iertuh"]
[Black "Puffer"]
[Result "1-0"]
[WhiteElo "2279"]
[BlackElo "1930"]

1. e4 e5 2. Nf3 Nc6 3. Bb5 a6 4. Ba4 Nf6 5. O-O b5 6. Bb3 Bb7 7. Re1 Bc5 8. c3
d6 9. d4 Bb6 10. Be3 Ng4 11. Bxf7+ Kxf7 12. Ng5+ Kg8 13. Qxg4 Qf6 14. d5 Ne7 15.
Bxb6 cxb6 16. Nd2 Bc8 17. Qg3 Ng6 18. a4 1-0

[Event "AUTO-MASTER-950"]
[Site "http://www.queenalice.com/game.php?id=679356"]
[Date "2009.11.7"]
[Round "1"]
[White "Puffer"]
[Black "iertuh"]
[Result "0-1"]
[WhiteElo "1930"]
[BlackElo "2277"]

1. e4 e5 2. Nf3 Nc6 3. Bb5 a6 4. Ba4 Nf6 5. O-O b5 6. Bb3 Bd6 7. d3 Bb7 8. Nc3
Na5 9. Ne2 O-O 10. Ng3 Re8 11. Nf5 Nxb3 12. Nxd6 cxd6 13. axb3 d5 14. exd5 Nxd5
15. c4 Nc7 16. Re1 Qf6 0-1

[Event "Challenge"]
[Site "http://www.queenalice.com/game.php?id=688123"]
[Date "2009.11.24"]
[Round "-"]
[White "iertuh"]
[Black "tariann"]
[Result "1-0"]
[WhiteElo "2208"]
[BlackElo "2055"]

1. e4 e6 2. d4 d5 3. Nc3 Bb4 4. e5 c5 5. a3 cxd4 6. axb4 dxc3 7. Nf3 cxb2 8.
Bxb2 Nc6 9. b5 Nce7 10. c4 f6 11. Qb3 fxe5 12. Nxe5 Nf6 13. Bd3 O-O 14. O-O dxc4
15. Bxc4 Ned5 16. Ba3 Re8 17. Qf3 Qc7 18. Rfe1 a6 19. bxa6 bxa6 20. Rac1 Qb6 21.
g4 Bb7 22. g5 Nb4 23. Qf4 Nfd5 24. Qf7+ Kh8 25. Ng6+ hxg6 26. Re4 Nf6 27. gxf6
Bxe4 28. Qxg7# 1-0

[Event "AUTO-ELITE-490"]
[Site "http://www.queenalice.com/game.php?id=724381"]
[Date "2010.2.2"]
[Round "1"]
[White "JDZ"]
[Black "iertuh"]
[Result "1/2-1/2"]
[WhiteElo "2373"]
[BlackElo "2277"]

1. e4 e5 2. Nf3 Nc6 3. Bc4 Bc5 4. c3 Nf6 5. d3 O-O 6. O-O Be7 7. Qe2 d6 8. b4
Bg4 9. h3 Bh5 10. Re1 a5 11. b5 Na7 12. Be3 c6 13. bxc6 Nxc6 14. Nbd2 d5 15.
exd5 Nxd5 16. Ne4 Bg6 17. a4 Rc8 18. Bd2 Rc7 19. Rab1 Rd7 20. Rb3 Re8 21. Reb1
Qc8 22. Rb5 Red8 23. Ne1 Nf6 24. Nxf6+ Bxf6 25. Be3 e4 26. d4 Ne7 27. Bf4 e3 28.
fxe3 Bxb1 29. Rxb1 Nd5 30. Bxd5 Rxd5 31. c4 R5d7 32. Nf3 Qc6 33. Rb5 Qe4 34. Qd2
h6 35. c5 Re8 36. Rb3 Qd5 37. Qd3 Bg5 38. Bxg5 hxg5 39. Rb5 Rc7 40. Qb3 Qe4 41.
Nxg5 Qxe3+ 42. Qxe3 Rxe3 43. Rxa5 Re8 44. d5 Rd7 45. d6 f6 46. Nf3 Kf7 47. Kf2
Re4 48. Nd2 Rb4 49. Ke3 Ke6 50. Ne4 f5 51. Ng5+ Kd5 52. Nf3 Rd8 53. Ng5 Kc6 54.
Kf3 Re8 55. Rb5 Rd4 56. Nf7 f4 57. Kg4 Rf8 58. Rb6+ Kxc5 59. Rxb7 f3+ 60. Kxf3
Rxd6 61. Kg4 Rb6 62. Ra7 Re8 63. a5 Rf6 64. Ng5 g6 65. h4 Kb5 66. Nh3 Re4+ 67.
Kg5 Rf5+ 68. Kxg6 Rd5 69. g3 Re3 70. Ng5 Rxg3 71. a6 Rg4 72. Kh5 Rf4 73. Ra8
Rdd4 74. Ne6 Rxh4+ 75. Kg5 Rdg4+ 76. Kf5 Rc4 77. a7 Kb6 78. Kg5 Rh1 79. Rd8 Kxa7
80. Rd6 Kb7 81. Rd7+ Kb6 82. Kf5 Rh5+ 83. Kg6 Re5 84. Kf6 Re1 85. Rd5 Kc6 86.
Rd2 Rce4 87. Rc2+ Kd5 88. Rd2+ Kc4 89. Rc2+ Kd3 90. Rc6 Rf1+ 91. Ke7 Ra1 92.
Rd6+ Kc3 93. Rc6+ Kb4 94. Kf6 Rf1+ 95. Ke7 Re2 96. Rd6 Rfe1 97. Kd7 Rxe6 98.
Rxe6 Rxe6 99. Kxe6 1/2-1/2

[Event "AUTO-ELITE-490"]
[Site "http://www.queenalice.com/game.php?id=724382"]
[Date "2010.2.2"]
[Round "1"]
[White "iertuh"]
[Black "JDZ"]
[Result "0-1"]
[WhiteElo "2295"]
[BlackElo "2324"]

1. e4 c5 2. Nf3 d6 3. d4 cxd4 4. Nxd4 Nf6 5. Nc3 a6 6. Bg5 e6 7. Be2 Be7 8. Qd3
Nbd7 9. O-O h6 10. Bd2 Ne5 11. Qg3 g5 12. a4 Bd7 13. a5 Qc7 14. Be3 Nc4 15. Bxc4
Qxc4 16. f3 h5 17. Nb3 h4 18. Qf2 h3 19. g3 Rg8 20. Rad1 Bb5 21. Rd4 Qxf1+ 22.
Qxf1 Bxf1 23. Kxf1 Rc8 24. Rb4 Rc7 25. Bb6 d5 26. Rd4 Rc4 27. Rxc4 dxc4 28. Nd2
g4 29. f4 Bb4 30. Bd4 Ke7 31. e5 Nd5 32. Nxc4 Rc8 33. Nxd5+ exd5 34. Ne3 Bd2 35.
Nf5+ Ke6 36. Ng7+ Kd7 37. c3 Bc1 38. Ke2 Bxf4 39. gxf4 g3 40. Bg1 gxh2 41. Bxh2
Rg8 42. Nh5 Rg2+ 43. Kf3 Rxh2 44. Kg3 Rxb2 45. Kxh3 Rc2 46. Kg4 Rxc3 47. f5 Rc5
48. Nf4 Rxa5 49. Kg5 d4 50. Nd3 Ra3 51. Nc5+ Kc6 52. Ne4 Re3 53. Kf4 b5 54. e6
fxe6 55. fxe6 Kd5 56. Nf6+ Kxe6 57. Ng4 Re2 58. Kf3 Rd2 59. Ke4 b4 60. Nh6 b3
61. Nf5 b2 62. Nxd4+ Rxd4+ 63. Kxd4 b1=Q 64. Kc5 Qb5+ 0-1

[Event "AUTO-ELITE-490"]
[Site "http://www.queenalice.com/game.php?id=724387"]
[Date "2010.2.2"]
[Round "1"]
[White "trompmaster"]
[Black "iertuh"]
[Result "1/2-1/2"]
[WhiteElo "2167"]
[BlackElo "2280"]

1. e4 e5 2. Nc3 Nf6 3. a3 Bc5 4. Nf3 Nc6 5. Nxe5 Bd6 6. Nxc6 dxc6 7. d4 c5 8.
dxc5 Be7 9. Qxd8+ Bxd8 10. h3 c6 11. Bf4 O-O 12. O-O-O Re8 13. f3 b6 14. cxb6
axb6 15. Bc4 Nd7 16. e5 b5 17. Ba2 Bc7 18. Bxf7+ Kxf7 19. e6+ Rxe6 20. Bxc7 Nf6
21. Rhe1 Rxe1 22. Rxe1 Bd7 23. Bd6 Re8 24. Rxe8 Nxe8 25. Bf4 Ke6 26. g4 Nf6 27.
Kd2 c5 28. Be3 b4 29. Na2 bxa3 30. bxa3 c4 31. Nc3 Bc6 32. Ke2 Nd5 33. Ne4 Ke5
34. h4 Nc7 35. Nd2 Kd5 36. Nb1 Ke6 37. Nc3 Nb5 38. Nb1 Nc7 39. Bd4 g6 40. c3 h5
41. Ke3 Nd5+ 42. Kf2 Nf4 43. Nd2 Kd5 44. Nf1 Ke6 45. Nd2 Kd5 46. Nf1 Ke6 47. Ne3
Bb5 48. a4 Bxa4 49. Nxc4 Bb5 50. gxh5 gxh5 51. Nd2 Ba6 52. Ne4 Kf5 53. Be3 Nd3+
54. Kg3 Ne5 55. Nd6+ Ke6 56. Ne8 Kf7 57. Nc7 Be2 58. f4 Nc4 59. Bd4 Nd6 60. Kf2
Bc4 61. Kf3 Kg6 62. Bc5 Nf5 63. Bf2 Nd6 64. Ke3 Kf5 65. Kf3 Kg6 66. Ke3 Kf5 67.
Na8 Kg4 68. Nb6 Bb3 69. Kd3 Nf5 70. c4 Nxh4 71. Ke4 Bc2+ 72. Kd4 Nf5+ 73. Ke5 h4
74. Bxh4 Nxh4 75. c5 Nf3+ 76. Kd6 Nd4 77. c6 Nxc6 1/2-1/2

[Event "AUTO-ELITE-490"]
[Site "http://www.queenalice.com/game.php?id=724388"]
[Date "2010.2.2"]
[Round "1"]
[White "iertuh"]
[Black "trompmaster"]
[Result "1-0"]
[WhiteElo "2281"]
[BlackElo "2212"]

1. e4 Nc6 2. d4 d5 3. Nc3 e6 4. Nf3 Nf6 5. Bd3 Bb4 6. Bg5 Ne7 7. e5 Nd7 8. O-O
a6 9. Ne2 c5 10. c3 Ba5 11. Qb1 h6 12. Be3 Nc6 13. Rc1 cxd4 14. cxd4 O-O 15. a3
Bc7 16. b4 Ncxe5 17. dxe5 Nxe5 18. Nxe5 Bxe5 19. Ra2 Bd6 20. f4 Bd7 21. Bd4 f6
22. Qb3 Kh8 23. Bc2 Qe7 24. Bb6 Bc6 25. Nd4 Rac8 26. Re1 Qf7 27. Nxe6 Rfe8 28.
Qd3 Qg8 29. f5 Bb5 30. Qxd5 Bc4 31. Qxd6 Bxa2 32. Ba4 Bc4 33. Bxe8 Qxe8 34. Qd1
Qc6 35. Bc5 b6 36. Nd8 Qc7 37. Re8+ Bg8 38. Qd5 1-0

[Event "AUTO-OPEN-1741"]
[Site "http://www.queenalice.com/game.php?id=760038"]
[Date "2010.4.12"]
[Round "2"]
[White "iertuh"]
[Black "celsolrc"]
[Result "1-0"]
[WhiteElo "2285"]
[BlackElo "1971"]

1. e4 e6 2. d4 d5 3. Nd2 Nf6 4. e5 Nfd7 5. Bd3 c5 6. c3 Nc6 7. Ne2 Qb6 8. Nf3
cxd4 9. cxd4 Be7 10. O-O f6 11. Nf4 Nxd4 12. Nxd4 Nxe5 13. Nb3 Nxd3 14. Nxd3 O-O
15. Nf4 Bd7 16. Qf3 Qd6 17. Bd2 Bc6 18. Nd4 Bd7 19. Nh5 f5 20. Bc3 e5 21. Qg3 g6
22. Nc2 f4 23. Qf3 e4 24. Qd1 gxh5 25. Qxh5 Rf5 26. Qd1 Rg5 27. h4 Rg4 28. Qd4
Kf7 29. Ne3 Bf6 30. Qxf6+ Qxf6 31. Bxf6 Kxf6 32. Nxg4+ Bxg4 33. f3 exf3 34. gxf3
Bh3 35. Rfe1 Rg8+ 36. Kh2 Rg3 37. Rad1 Rxf3 38. Rxd5 Bf5 39. Rd6+ Kf7 40. Kg2
Rg3+ 41. Kf2 Rh3 42. Rd4 Rxh4 43. Kf3 Bg4+ 44. Kxf4 Be6+ 45. Ke5 Rh5+ 46. Kd6
Bf5 47. Re7+ Kg6 48. Rxb7 a5 49. Rd5 1-0

[Event "AUTO-OPEN-1741"]
[Site "http://www.queenalice.com/game.php?id=760039"]
[Date "2010.4.12"]
[Round "2"]
[White "celsolrc"]
[Black "iertuh"]
[Result "0-1"]
[WhiteElo "1985"]
[BlackElo "2280"]

1. c4 c5 2. Nc3 Nc6 3. g3 g6 4. Bg2 Bg7 5. Rb1 Rb8 6. a3 a6 7. e3 Nf6 8. d3 O-O
9. Nge2 e6 10. b4 cxb4 11. axb4 d5 12. O-O Ne7 13. cxd5 Nfxd5 14. Nxd5 Nxd5 15.
d4 b5 16. Bb2 Bb7 17. Ba1 Qd6 18. Bxd5 Bxd5 19. Nf4 Rfc8 20. e4 Bxe4 21. Rc1
Rxc1 22. Qxc1 Qxb4 23. Qc5 Qb3 24. Qc3 Qxc3 25. Bxc3 b4 26. Bb2 Rc8 27. Rd1 a5
28. Rc1 Rxc1+ 29. Bxc1 Bxd4 30. Ne2 Bf6 31. f4 a4 32. Kf2 a3 0-1

[Event "AUTO-MASTER-950"]
[Site "http://www.queenalice.com/game.php?id=791237"]
[Date "2010.6.16"]
[Round "2"]
[White "milo_krokodil4e"]
[Black "iertuh"]
[Result "0-1"]
[WhiteElo "2165"]
[BlackElo "2299"]

1. d4 d5 2. c4 e6 3. Nc3 Nf6 4. Bg5 Be7 5. Nf3 O-O 6. e3 h6 7. Bh4 c5 8. cxd5
exd5 9. Be2 Nc6 10. dxc5 Be6 11. O-O Bxc5 12. Re1 Be7 13. Rc1 Rc8 14. Nb5 g5 15.
Bg3 Ne4 16. Nfd4 Nxd4 17. Nxd4 Qa5 18. a4 Rxc1 19. Qxc1 Nxg3 20. hxg3 Bb4 21.
Nxe6 fxe6 22. Rd1 Qxa4 23. Bh5 Qc6 24. Qxc6 bxc6 25. Rc1 c5 26. Bd1 c4 27. g4 a5
28. Ba4 Kf7 29. e4 Kf6 30. Kf1 Ke5 31. exd5 exd5 32. Ke2 Bc5 33. f3 Rb8 34. b3
Ba3 35. Rc3 Kd4 36. Re3 Rb4 37. g3 Bc1 0-1

[Event "AUTO-MASTER-950"]
[Site "http://www.queenalice.com/game.php?id=791238"]
[Date "2010.6.16"]
[Round "2"]
[White "iertuh"]
[Black "milo_krokodil4e"]
[Result "1-0"]
[WhiteElo "2288"]
[BlackElo "2201"]

1. e4 e5 2. f4 exf4 3. Nf3 d6 4. Bc4 g5 5. O-O Bg4 6. h3 Bh5 7. c3 h6 8. d4 Bg7
9. Qb3 Qc8 10. Bxf4 gxf4 11. Qb5+ c6 12. Qxh5 Qc7 13. Nbd2 Nf6 14. Qf5 Nbd7 15.
Nh4 d5 16. exd5 O-O-O 17. dxc6 Qxc6 18. Bxf7 Rhf8 19. Qe6 Rxf7 20. Qxf7 Bf8 21.
Ng6 Nd5 22. Nxf4 Ne3 23. Rf2 Qb5 24. Nb3 Nf5 25. Ne6 Nd6 26. Qf3 1-0

[Event "AUTO-MASTER-950"]
[Site "http://www.queenalice.com/game.php?id=791241"]
[Date "2010.6.16"]
[Round "2"]
[White "iertuh"]
[Black "thewhitebishop"]
[Result "1-0"]
[WhiteElo "2298"]
[BlackElo "1933"]

1. e4 g6 2. d4 Bg7 3. f4 d6 4. Nf3 c6 5. Be2 b5 6. O-O a5 7. Be3 Ba6 8. e5 d5 9.
f5 Nh6 10. Nh4 gxf5 11. Bxh6 Bxh6 12. Nxf5 Bf8 13. Nd2 1-0

[Event "AUTO-MASTER-950"]
[Site "http://www.queenalice.com/game.php?id=791242"]
[Date "2010.6.16"]
[Round "2"]
[White "thewhitebishop"]
[Black "iertuh"]
[Result "0-1"]
[WhiteElo "1935"]
[BlackElo "2297"]

1. d4 d5 2. c4 e6 3. Nc3 Nf6 4. cxd5 Nxd5 5. e4 Nb6 6. Bd3 c5 7. d5 exd5 8. exd5
c4 9. Qe2+ Qe7 10. Qxe7+ Bxe7 11. Be4 a6 12. Be3 N8d7 13. O-O-O Bc5 14. Nf3
Bxe3+ 0-1

[Event "Challenge"]
[Site "http://www.queenalice.com/game.php?id=821258"]
[Date "2010.8.21"]
[Round "-"]
[White "amarkin"]
[Black "iertuh"]
[Result "1/2-1/2"]
[WhiteElo "2413"]
[BlackElo "2307"]

1. e4 e5 2. Nf3 Nc6 3. Bb5 a6 4. Ba4 b5 5. Bb3 Nf6 6. O-O Bc5 7. Nxe5 Nxe5 8. d4
Bxd4 9. Qxd4 d6 10. f4 c5 11. Qc3 Neg4 12. e5 Ne4 13. Qf3 d5 14. c4 Bf5 15. h3
h5 16. Rd1 Qh4 17. cxb5 Ngf2 18. Bxd5 O-O-O 19. Rd2 Nxh3+ 20. gxh3 Qe1+ 21. Kg2
Rxd5 22. Rxd5 Qxc1 23. Nd2 Qxa1 24. Nxe4 Qxb2+ 25. Rd2 Bxe4 26. Rxb2 Bxf3+ 27.
Kxf3 axb5 28. Rxb5 Kd7 1/2-1/2

[Event "Game"]
[Site "http://www.queenalice.com/game.php?id=1022062"]
[Date "2012.1.30"]
[Round "-"]
[White "iertuh"]
[Black "FORNEIRO1971"]
[Result "1-0"]
[WhiteElo "2211"]
[BlackElo "2167"]

1. e4 e5 2. b3 Nf6 3. Nc3 Bb4 4. a3 Bxc3 5. dxc3 O-O 6. Bg5 h6 7. Bxf6 Qxf6 8.
Ne2 d6 9. Ng3 Nd7 10. Bc4 Nb6 11. Bd3 a5 12. a4 Be6 13. O-O Qg5 14. Qc1 f6 15.
Qe1 Bg4 16. Kh1 Rad8 17. f3 Be6 18. c4 Ra8 19. Nf5 Rf7 20. Ne3 Nd7 21. Nd5 Nc5
22. Qe3 c6 23. Qxg5 fxg5 24. Ne3 Kf8 25. Rfd1 h5 26. Rd2 Ke7 27. Rf1 Raf8 28.
Rfd1 g4 29. fxg4 Bxg4 30. Nxg4 Nxd3 31. Kg1 Nc5 32. Nf2 g5 33. h3 h4 34. Rb1 b6
35. Re1 1-0

[Event "Mäng"]
[Site "http://www.queenalice.com/game.php?id=1022063"]
[Date "2012.1.30"]
[Round "-"]
[White "iertuh"]
[Black "UKopra"]
[Result "1/2-1/2"]
[WhiteElo "2222"]
[BlackElo "1796"]

1. g3 d5 2. Bh3 Nf6 3. Bxc8 Qxc8 4. d4 c5 5. c3 e6 6. Bf4 Nc6 7. Nf3 Be7 8. O-O
O-O 9. Nbd2 Qd7 10. Ne5 Nxe5 11. dxe5 Ne8 12. Nf3 f6 13. e4 Rd8 14. exd5 exd5
15. Re1 Nc7 16. Qe2 fxe5 17. Nxe5 Qf5 18. Rad1 Bf6 19. Ng4 Na6 20. Nxf6+ Qxf6
21. Qe6+ Qxe6 22. Rxe6 d4 23. cxd4 cxd4 24. Rd6 Nc7 25. R6xd4 Rxd4 26. Rxd4 Ne6
27. Rd7 Rf7 28. Rxf7 Kxf7 29. f3 Nxf4 30. gxf4 h5 31. Kf2 h4 32. Ke3 Kf6 33. Ke4
g6 34. h3 Ke6 35. b4 b5 36. Kd4 Kd6 37. a3 a6 38. Ke4 Ke6 39. Kd4 Kd6 40. Ke4
Ke6 1/2-1/2

[Event "Challenge"]
[Site "http://www.queenalice.com/game.php?id=1022066"]
[Date "2012.1.30"]
[Round "-"]
[White "iertuh"]
[Black "dab"]
[Result "1-0"]
[WhiteElo "2221"]
[BlackElo "1779"]

1. Nc3 d5 2. f3 e5 3. d4 Nc6 4. dxe5 Nxe5 5. Qxd5 Bd6 6. Qb3 Nf6 7. Bg5 h6 8.
Bxf6 Qxf6 9. Ne4 Qe7 10. Nxd6+ Qxd6 11. Rd1 Qe6 12. e4 Qxb3 13. cxb3 O-O 14. Ne2
b6 15. Nc3 c5 16. Nb5 Bd7 17. Nc7 Rad8 18. Kf2 Bc6 19. Bc4 Nxc4 20. bxc4 Rxd1
21. Rxd1 f6 22. Ne6 Rf7 23. Nd8 Rc7 24. Nxc6 Rxc6 25. Rd7 a6 26. Ke3 Kf8 27. a3
g6 28. h4 Re6 29. Kf4 Ke8 30. Rh7 Re5 31. Rxh6 Rh5 32. Rxh5 gxh5 33. Kf5 Kf7 34.
g4 hxg4 35. fxg4 Kg7 36. e5 fxe5 37. Kxe5 1-0